000
00210 a2200097 4500
001
2082
100
_a
Wang, C
245
_a
Elementary theory of structures.
260
_a
_b
Mc Graw Hill
_c
090
_c
1538
_d
1538
942
_a
NUST-CAE
_c
M
_c
5980
999
_c
237155
_d
237155